Cream Albums Tile Select - Statistics

General Stats
  • This quiz has been taken 6 times
  • The average score is 26 of 33
Answer Stats
Question Tile Select % Correct
the following songs that are on Goodbye (1969). Born Under a Bad Sign No
100%
the following songs that are on Wheels of Fire (1968). Crossroads Yes
100%
the following songs that are on Fresh Cream (1966). Dance the Night Away No
100%
the following songs that are on Disraeli Gears (1967). Politician No
100%
the following songs that are on Disraeli Gears (1967). Sunshine of Your Love Yes
100%
the following songs that are on Disraeli Gears (1967). SWLABR Yes
100%
the following songs that are on Wheels of Fire (1968). White Room Yes
100%
the following songs that are on Fresh Cream (1966). Wrapping Paper No
100%
the following songs that are on Wheels of Fire (1968). Anyone for Tennis No
80%
the following songs that are on Goodbye (1969). Badge Yes
80%
the following songs that are on Wheels of Fire (1968). Blue Condition No
80%
the following songs that are on Goodbye (1969). Doing That Scrapyard Thing Yes
80%
the following songs that are on Fresh Cream (1966). Four Until Late Yes
80%
the following songs that are on Disraeli Gears (1967). I Feel Free No
80%
the following songs that are on Fresh Cream (1966). I'm So Glad Yes
80%
the following songs that are on Goodbye (1969). Mother's Lament No
80%
the following songs that are on Wheels of Fire (1968). Passing the Time Yes
80%
the following songs that are on Wheels of Fire (1968). Sitting on Top of the World Yes
80%
the following songs that are on Disraeli Gears (1967). Sleepy Time Time No
80%
the following songs that are on Fresh Cream (1966). Spoonful Yes
80%
the following songs that are on Disraeli Gears (1967). Strange Brew Yes
80%
the following songs that are on Wheels of Fire (1968). Tales of Brave Ulysses No
80%
the following songs that are on Goodbye (1969). Traintime No
80%
the following songs that are on Fresh Cream (1966). We're Going Wrong No
80%
the following songs that are on Disraeli Gears (1967). World of Pain Yes
80%
the following songs that are on Fresh Cream (1966). Cat's Squirrel Yes
60%
the following songs that are on Fresh Cream (1966). Deserted Cities of the Heart No
60%
the following songs that are on Disraeli Gears (1967). Outside Woman Blues Yes
60%
the following songs that are on Fresh Cream (1966). Toad Yes
60%
the following songs that are on Goodbye (1969). What a Bringdown Yes
60%
the following songs that are on Wheels of Fire (1968). Rollin' and Tumblin' No
40%
the following songs that are on Disraeli Gears (1967). Take It Back Yes
40%
the following songs that are on Wheels of Fire (1968). Those Were the Days Yes
40%
No matching quizzes found
Score Distribution
Percent of People with Each Score
Percentile by Number Answered
Your Score History
You have not taken this quiz